Music Quiz

Random Music or Album Quiz
Score 0/25 Timer 05:00
1 Play Today
Question Answer Wrong Answers
Green Day Dookie
81.9%
Kerplunk
4.2%
Nimrod
11.1%
39/Smooth
2.4%
Warrant Cherry Pie
70.3%
Belly to Belly
6.1%
Dog Eat Dog
13.4%
Ultraphobic
6.7%
Smashing Pumpkins Mellon Collie and the Infinite Sadness
64.7%
Siamese Dream
20.2%
Gish
4.7%
Adore
6.8%
Blur Blur
63.8%
The Great Escape
13.6%
Modern Life is Rubbish
11.4%
Leisure
6.8%
Ace of Base The Sign
59.3%
The Bridge
7.6%
Cruel Summer
10.4%
Happy Nation
10%
Spin Doctors Pocket Full of Kryptonite
56.5%
Here Comes the Bride
6.9%
Turn It Upside Down
13.2%
You've Got to Believe in Something
11.2%
Dixie Chicks Fly
45.6%
Thank Heavens for Dale Evans
11.9%
Little Ol' Cowgirl
15.6%
Shouldn't a Told You That
14.4%
Crash Test Dummies God Shuffled His Feet
43%
The Ghosts That Haunt Me
15%
A Worm's Life
9.2%
Give Yourself a Hand
20.1%
The Black Crowes The Southern Harmony and Musical Companion
40.8%
By Your Side
17.8%
Three Snakes and One Charm
18.4%
Amorica
20.3%
Goo Goo Dolls Dizzy Up the Girl
39.4%
Hold Me Up
11.5%
Superstar Car Wash
8.2%
A Boy Named Goo
33.4%
Megadeth Countdown to Extinction
38.6%
Risk
8%
Rust in Peace
32.7%
Cryptic Writings
9.1%
Color Me Badd C.M.B.
38.4%
Now & Forever
24.2%
Time and Chance
13.8%
Awakening
12.2%
A Tribe Called Quest Beats, Rhymes and Life
38.4%
The Love Movement
12.7%
Midnight Marauders
17.7%
People's Instinctive Travels and the Paths of Rhythm
24.2%
Soul II Soul Vol. II: 1990 - A New Decade
37.2%
Volume III - Just Right
18.1%
Volume V - Believe
10.3%
Time for Change
26.6%
Barenaked Ladies Stunt
36%
Born on a Pirate Ship
13.8%
Maybe You Should Drive
23.5%
Gordon
14.8%
Primus Pork Soda
34.1%
Frizzle Fry
14.2%
Brown Album
20.1%
Antipop
19.2%
Stone Temple Pilots Purple
33.3%
Core
28.5%
No. 4
18.3%
Tiny Music...Songs From the Vatican Gift Shop
14.2%
Alice in Chains Alice in Chains
30%
Facelift
6.4%
Dirt
32.4%
Unplugged
21.6%
Blues Traveler four
28.5%
Save His Soul
6.5%
Blues Traveler
41.1%
Travelers and Thieves
15.7%
R.E.M. Out of Time
25.7%
Automatic for the People
51.7%
New Adventures in Hi-Fi
7%
Up
7.1%
Aerosmith Nine Lives
23.3%
Big Ones
37.2%
A Little South of Sanity
6.7%
Pandora's Box
23.8%
Phish Billy Breathes
22.1%
Hoist
22%
Rift
21.6%
A Picture of Nectar
25.2%
Pearl Jam Vs.
16.5%
Ten
60.7%
Yield
5.5%
Live on Two Legs
7.6%
Dave Matthews Band Before These Crowded Streets
12.9%
Crash
49.6%
Remember Two Things
6.8%
Under the Table and Dreaming
18%
Oasis Be Here Now
8.4%
(What's the Story) Morning Glory?
59.9%
The Masterplan
3.7%
Definitely Maybe
18%
Remove Ads.
Support Sporcle.
Get the best of Sporcle when you Go Orange. This ad-free experience offers more features, more stats, and more fun while also helping to support Sporcle. Thank you for becoming a member.

You're not logged in!

Compare scores with friends on all Sporcle quizzes.
OR
Log In

Show Comments

Extras

Top Quizzes Today


Score Distribution

Your Account Isn't Verified!

In order to create a playlist on Sporcle, you need to verify the email address you used during registration. Go to your Sporcle Settings to finish the process.

Report this User

Report this user for behavior that violates our Community Guidelines.

Details: